Les doctrines pédagogiques des grecs

Na minha lista:
Detalhes bibliográficos
Autor principal: Martín, Alexandre
Formato: Livro
Idioma:Undetermined
Publicado em: París, Francia Delagrave 1879
Assuntos:
Tags: Adicionar Tag
Sem tags, seja o primeiro a adicionar uma tag!

MARC

LEADER 00000nam a2200000Ia 4500
008 170316s9999 xx 000 0 und d
090 |a 100 M-21d 
100 |a Martín, Alexandre 
245 |a Les doctrines pédagogiques des grecs 
260 |a París, Francia 
260 |b Delagrave 
260 |c 1879 
300 |a 186 páginas 
650 |a FILOSOFÍA 
999 |c 16936  |d 16936 
040 |a cru BVZT 
942 |c 15 D  |h 100 M-21d  |2 z